000
00216 a2200097 4500
001
14103
100
_a
Mendelssohn B
245
_a
correct your English
260
_a
London
_b
Longmans green
_c
090
_c
11048
_d
11048
942
_a
NUST-CAE
_c
M
_c
1168
999
_c
249176
_d
249176